Obras de el V. P. Maestro Fray Luis de Granada, del Orden de Santo Domingo

Detalles Bibliográficos
Autor principal: Luis de Granada, fray, 1504-1588
Formato: Libro
Lenguaje:Spanish
Publicado: en Madrid : en la imprenta Real, por Joseph Rodriguez de Escobar, 1711
Materias:
Colección:Banco de datos
Acervo:Biblioteca Félix de Jesús Rougier de los Misioneros del Espíritu Santo. Fondo Antiguo
Descripción Física:11 t. ; 16°
Notas:Portada tipográfica a dos tintas con pleca y grabado central calcográfico. Texto a renglón seguido con apostillas marginales. Incluyen cabeceras de título en grabado xilográfico. Incluyen capitulares floreadas en grabado xilográfico. Cada tomo con portada y numeración propias. Año de los t. 1-3, 11, 13-14, 17 publicados en 1711. Paginación: t. 1 [12] h., 351 p., [3] h.; t. 2 [1] h., 379 p., [2] h.; t. 3 [2] h., 391 p., [3] h.; t. 11 [16] h., 558 p., [5] h.; t. 13 [16] h., 343 p., [4] h.; t. 14 [2] h., 400 p., [4] h.; t. 17 [16] h., 579 p., [5] h. Encuadernación en keratol (1250). Encuadernación en piel sobre cartón (1251-1256). Sello en tinta de la Bibliotheca Domus S. Filipi a Iesu, Mexici (1250-1256). Sello en tinta del Vicariato de México (1250-1256). Sello en tinta de Domus M. S. S., México (1250-1256). Sello en tinta de la Biblioteca Félix de Jesús Rougier (1250-1256). Daños de humedad (1251, 1256)
LEADER 02218nam a22002050004500
035 |a 725 
041 0 |a spa 
100 1 |a Luis de Granada, fray, 1504-1588 
245 1 0 |a Obras de el V. P. Maestro Fray Luis de Granada, del Orden de Santo Domingo 
260 |a en Madrid : en la imprenta Real, por Joseph Rodriguez de Escobar, 1711 
300 |a 11 t. ; 16° 
500 |a Portada tipográfica a dos tintas con pleca y grabado central calcográfico. Texto a renglón seguido con apostillas marginales. Incluyen cabeceras de título en grabado xilográfico. Incluyen capitulares floreadas en grabado xilográfico. Cada tomo con portada y numeración propias. Año de los t. 1-3, 11, 13-14, 17 publicados en 1711. Paginación: t. 1 [12] h., 351 p., [3] h.; t. 2 [1] h., 379 p., [2] h.; t. 3 [2] h., 391 p., [3] h.; t. 11 [16] h., 558 p., [5] h.; t. 13 [16] h., 343 p., [4] h.; t. 14 [2] h., 400 p., [4] h.; t. 17 [16] h., 579 p., [5] h. Encuadernación en keratol (1250). Encuadernación en piel sobre cartón (1251-1256). Sello en tinta de la Bibliotheca Domus S. Filipi a Iesu, Mexici (1250-1256). Sello en tinta del Vicariato de México (1250-1256). Sello en tinta de Domus M. S. S., México (1250-1256). Sello en tinta de la Biblioteca Félix de Jesús Rougier (1250-1256). Daños de humedad (1251, 1256)  
504 |a Al principio de cada tomo está fe de erratas 
504 |a Al final de cada tomo está el índice de capítulos 
505 0 0 |a t. 1 De la guia de pecadores, y exortacion a la virtud.-- t. 2 Continuacion de la guia de pecadores y exortacion a la virtud.-- t. 3 Guia de pecadores, y doctrina de la virtud.-- t. 11 Adiciones al memorial de la vida christiana, parte I. De el amor de Dios, beneficios, y perfecciones divinas.-- t. 13 Symbolo de la fe. Parte I.-- t. 14 Symbolo de la fe. Continuacion de la parte I.-- t. 17 SymboIo de la fe. Parte III. 
600 1 4 |a Luis de Granada, fray, 1504-1588-Obras 
949 |a Biblioteca Félix de Jesús Rougier, Fondo Antiguo t. 1 (1250); t. 2 (1251); t. 3 (1252); t. 11 (1253); t. 13 (1254); t. 14 (1255); t. 17 (1256) 
942 |c ROUGIER 
943 |g Biblioteca Félix de Jesús Rougier de los Misioneros del Espíritu Santo. Fondo Antiguo 
999 |c 945744  |d 945744